000 01069nam a22002657a 4500
003 BD-DhSAU
005 20231010121356.0
008 150612b2021 bg ad||| m||| 00| 0 eng d
040 _aBD-DhSAU
082 _222
_a630.715
_bM7397
100 _aMomin, Mohammad Abdul
_eRegistration No. # 0765
245 _aAdoption gap of brri released boro rice varieties towards devloping an empirical adoptation model /
_bPh.D. Thesis
260 _aSher-e-Bangla Agricultural University :
_bDepartment of Agricultural Extension and Information system,
_c2022.
300 _axviii, 173p. :
_bill. ;
_c30 cm.
500 _aPh.D. thesis of Department of School Agronomy , Sher-e-Bangla Agricultural University
504 _aIncludes bibliographical reference.
590 _aNazmul
650 _abrri released boro rice varieties
650 _aempirical adoptation model
651 _aascorbic acid, silicon and gibberellin
700 _aProf. Dr Sikender Ali
_eChaiman
710 _aProf. Dr. Mohammad Mizanul Kaque Kazal
_eMember
942 _2ddc
_cPHD
999 _c17177
_d17176